000 00497nam a2200169Ia 4500
999 _c22275
_d22275
003 OSt
005 20200206115412.0
008 190216s9999||||xx |||||||||||||| ||und||
040 _coclc
082 _a297.54
_bSUL/Z
100 _aSullami, A Abdussalam
_91851
245 0 _aZakathum Adunika Prashnangalum /
_cA Abdussalam Sullami
260 _bYuvatha Book House,
_c1987.
300 _a131p
650 _aIslamic Culture
942 _cBK
_2ddc
_h297.54
_iSUL/Z
_k297.54
_mSUL/Z